Bestiariusz Słowiański (cz.1) - Statystyki

Ogólne statystyki
  • Ten quiz został rozwiązany 6 razy
  • Średni wynik to 14 z 117
Statystyki odpowiedzi
Litera Nazwa % Poprawnych
B Baba
80%
Licho
80%
U Utopiec
80%
Bazyliszek
60%
D Diabeł
60%
Morowa dziewica
60%
Południca
60%
Smok
60%
Strzyga
60%
Syrena
60%
Wiłkołak
60%
Anioł
40%
Baba wodna
40%
Bies
40%
Borowy
40%
C Chochlik
40%
Gryf
40%
Kłobuk
40%
Krasnoludki
40%
Poroniec
40%
A Aitwar
20%
Baba grochowa
20%
Baba jagodowa
20%
Biali ludzie
20%
Czart
20%
F Fajerman
20%
H Homen
20%
Jędza
20%
K Kania
20%
M Majki
20%
Mamuna
20%
Rusałki
20%
W Wąpierz
20%
Wodnik
20%
Baba żytnia
0%
Bannik
0%
Bełty
0%
Bezkost
0%
Bieda
0%
Błędne ogniki
0%
Błotnik
0%
Bobo
0%
Bogunki
0%
Bożątka
0%
Brzegina
0%
Buc
0%
Bzionek
0%
Chowaniec
0%
Cicha
0%
Cmentarna baba
0%
Ć Ćmok
0%
Ćmuch
0%
Czarnoksiężnik
0%
Czarownica
0%
Diabeł Boruta
0%
Diabeł Fugas
0%
Diabeł Hejdasz
0%
Diabeł Iskrzycki
0%
Diabeł Rokita
0%
Dobrochoczy
0%
Dola
0%
Domowik
0%
Duch białej damy z kórnika
0%
Duch czarnego psa z ogrodzieńca
0%
Duch rycerza w płomieniach
0%
Dworowy
0%
Dziady
0%
Dzicy ludzie
0%
Dziewiątka
0%
Dziki myśliwy
0%
Dziwożony
0%
G Gnieciuch
0%
Gumiennik
0%
J Jaroszek
0%
Julki
0%
Klabaternik
0%
Kocmołuch
0%
Król wężów
0%
Ł Łapiduch
0%
L Latawiec
0%
Maruda
0%
Matoha
0%
Mierniki
0%
Mlekowy żmij
0%
Mróz
0%
Mrucek
0%
N Nocnice
0%
O Onisty koń
0%
P Paskudnik
0%
Pieniężny chłopczyk
0%
Płanetnicy
0%
Plonek
0%
Płonnik
0%
Przyłożnik
0%
R Rodzanice
0%
Rybi król
0%
S Skarbnik
0%
Skuła
0%
Smędy
0%
Ś Śmierć
0%
Spaleniec
0%
Srala
0%
Stradczę
0%
Stukacz
0%
Świetle
0%
Szalińc
0%
Szarlej
0%
Szątopierz
0%
T Tęsknica
0%
Trusia
0%
Wielkolud
0%
Wieszczy
0%
Wietrzyca
0%
Wiły
0%
Wisielec
0%
Ż Żmija
0%
Z Zmory
0%
Nie znaleziono quizów pasujących do podanych kryteriów
Rozkład punktacji
Procent ludzi z każdym wynikiem
Percentyl według liczby udzielonych odpowiedzi
Twoja historia wyników
Nie rozwiązałeś tego quizu